000 00355nam a22000977a 4500
008 150605b xxu||||| |||| 00| 0 eng d
010 _8SCCAF:20B
245 _aSUPREME COURT CRIMINAL APPEAL NO.13 OF 2009 Kasozi Lawrence Vs Uganda
260 _aSupreme Court Kampala
500 _3CORAM: B .Odoki, J.W.N .Tsekooko, B.M .Katureebe, J. Tumwesigye, E.M. Kisaakye
999 _c6021
_d6021